| 000 | 01158nam a22003857a 4500 | ||
|---|---|---|---|
| 001 | 0000113 | ||
| 003 | KOHA_MİRAKIL | ||
| 005 | 20260207001200.0 | ||
| 007 | ta | ||
| 008 | 081212b2006 tu a|||gr||||#||||0|tur | | ||
| 020 |
_a9755919767 _c19,690000000000001 |
||
| 040 |
_aTR-BiSEU _btur _cTR-BiSEU _erda |
||
| 041 | 0 | _atur | |
| 044 | _ctu | ||
| 050 |
_aTJ213 _b.Y85 2006 |
||
| 100 | 1 | _aYüksel, İbrahim. | |
| 245 | 1 |
_aOtomatik kontrol/ _cİbrahim Yüksel ; İbrahim Yüksel. |
|
| 250 | _a5. baskı | ||
| 264 | 1 |
_aAnkara : _bNobel Yayınları _c2006 |
|
| 300 |
_a391 sayfa : _bresimli |
||
| 336 |
_ametin _btxt _2rdacontent |
||
| 337 |
_aaracısız _bn _2rdamedia |
||
| 338 |
_acilt _bnc _2rdacarrier |
||
| 490 | 1 |
_aNobel yayın ; _vno. |
|
| 490 | 1 | _a990. | |
| 490 | 1 |
_aTeknik Yayınlar Dizisi ; _v79. |
|
| 500 | _aSistem dinamiği ve denetim sistemleri | ||
| 500 | _aKaynakça ve dizin var. | ||
| 650 | 0 |
_aOtomatik kontrol--Problemler, alıştırmalar vb. _91801 |
|
| 650 | 0 |
_aOtomatik kontrol. _91802 |
|
| 830 | 1 |
_aNobel yayın ; _vno. _91510 |
|
| 830 | 1 |
_a990. _91803 |
|
| 830 | 1 |
_aTeknik Yayınlar Dizisi ; _v79. _91804 |
|
| 942 |
_2lcc _cBK |
||
| 999 |
_c114 _d114 |
||